Keď zamestnancov vyberá robot

Reálna skúsenosť UniCredit Banky, kde sa kandidáti na pracovné miesta môžu stretnúť pri pracovnom pohovore s umelou inteligenciou - chatbotom. Daný chatbot analyzuje dáta, testuje ich a triedi podľa vhodnosti pracovnej pozície.

Salvato in:
Dettagli Bibliografici
Natura: Capitolo di libro
Lingua:slovacco
Soggetti:
Tags: Aggiungi Tag
Nessun Tag, puoi essere il primo ad aggiungerne!!

MARC

LEADER 00000naa a2200000 4500
001 0279821
005 20240417075148.0
041 0 |a slo 
044 |a SK 
245 1 0 |a Keď zamestnancov vyberá robot 
520 |a Reálna skúsenosť UniCredit Banky, kde sa kandidáti na pracovné miesta môžu stretnúť pri pracovnom pohovore s umelou inteligenciou - chatbotom. Daný chatbot analyzuje dáta, testuje ich a triedi podľa vhodnosti pracovnej pozície. 
610 2 0 |a personalistika 
610 2 0 |a robotizácia 
610 2 0 |a inteligencia umelá 
610 2 0 |a nábor pracovníkov 
610 2 0 |a inovácie technologické